000 01198cam a2200325 i 4500
001 42233
003 Mx-PuUPA
005 20240203120502.0
008 140415s2003 gr 000 0 spa d
017 _a1501162002-5785
020 _a9972968510
040 _cMx-PuUPA
_aMx-PuUPA
_bspa
_dMx-PuUPA
_erda
041 0 _aspa
100 1 _aHaya de la Torre, Agustín,
_d1948-
_915318
_eautor
245 1 0 _aDictadura y democracia :
_bla crisis del Estado Republicano /
_cAgustín Haya de la Torre
264 1 _a[Lugar de publicación no identificado] :
_bForo Democrático : Fondo Editorial,
_c2003
300 _a451 páginas ;
_c22 cm
336 _2rdacontent
_atexto
_btxt
337 _2rdamedia
_asin medio
_bn
338 _2rdacarrier
_avolumen
_bnc
650 7 _2armarc
_aDemocracia
_zPerú
_xHistoria
_ySiglo xx
650 7 _2armarc
_aDictadura
_zPerú
_xHistoria
_ySiglo xx
650 7 _2armarc
_aRepública (forma de gobierno)
_y1980
651 4 _aPerú
_xPolítica y gobierno,
_y1980
942 _2ddc
_cLI
_h320.53150985
_iH412
999 _c42233
_d42233